Normal view
MARC view
- شاو،وليام ه؛ترجمة عبدالحكيم احمد الخزامى
Entry Personal Name
001 - CONTROL NUMBER
- control field: 31082
003 - CONTROL NUMBER IDENTIFIER
- control field: JO-AjAnu
005 - DATE AND TIME OF LATEST TRANSACTION
- control field: 20230606075234.0
008 - FIXED-LENGTH DATA ELEMENTS
- fixed length control field: 230606|| aca||aabn | a|a d
040 ## - CATALOGING SOURCE
- Original cataloging agency: JO-AjAnu
- Transcribing agency: JO-AjAnu
100 ## - HEADING--PERSONAL NAME
- Personal name: شاو،وليام ه؛ترجمة عبدالحكيم احمد الخزامى
670 ## - SOURCE DATA FOUND
- Source citation: Work cat.: (JO-AjAnu)15962: شاو،وليام ه؛ترجمة عبدالحكيم احمد الخزامى, author, اخلاقيات منظمات الاعمال=Ethics at Work Basic readings in Business ethics